Suroviny pod lupou, renesancia uhlia

Podľa štúdie americkej banky Merill Lynch na rok 2005 sa očakáva pri uhlí cenový skok až o 60 percent. Hlavné príčiny cenového vzostupu. Vývoj na čínskom trhu. Zásoby uhlia v Číne. Politické aspekty renesancie uhlia.

Salvato in:
Dettagli Bibliografici
Autore principale: Drechsler, Wolfgang
Natura: Capitolo di libro
Lingua:slovacco
Soggetti:
Tags: Aggiungi Tag
Nessun Tag, puoi essere il primo ad aggiungerne!!

MARC

LEADER 00000naa$a2200000$$$4500
001 0023949
005 20231004125444.6
041 0 |a slo 
044 |a SK 
245 1 0 |a Suroviny pod lupou, renesancia uhlia  |c Wolfgang Drechsler 
520 |a Podľa štúdie americkej banky Merill Lynch na rok 2005 sa očakáva pri uhlí cenový skok až o 60 percent. Hlavné príčiny cenového vzostupu. Vývoj na čínskom trhu. Zásoby uhlia v Číne. Politické aspekty renesancie uhlia. 
610 2 0 |a Čína 
610 2 0 |a suroviny prírodné 
610 2 0 |a zásoby nerastné 
610 2 0 |a uhlie 
610 2 0 |a nafta 
610 2 0 |a ceny svetové 
610 2 0 |a zvyšovanie cien 
610 2 0 |a zdroje energetické 
610 2 0 |a stabilita politická 
610 2 0 |a výroba energie 
610 2 0 |a USA 
610 2 0 |a oceliarstvo 
100 1 |a Drechsler, Wolfgang